Countries mentioned in the Wikipedia page for Belize - Statistics

General Stats
  • This quiz has been taken 22 times
  • The average score is 19 of 26
Answer Stats
Context Answer % Correct
It is bordered by ___ to the west and south Guatemala
100%
It is bordered by ___ to the north Mexico
100%
At various times, the issue has required mediation by the ___ United States
100%
A tough win over ___ set Belize in a position to advance Cuba
95%
It also shares a water boundary with ___ Honduras
95%
Over the years they have also intermarried with Miskito from ___ Nicaragua
95%
___ and Britain both laid claims to the land Spain
95%
Belize achieved its independence from the ___ United Kingdom
95%
Formally declared it a British Crown Colony, subordinate to ___ Jamaica
90%
As a part of the globally significant Mesoamerican Biological Corridor that stretches to ___ Panama
85%
The second-largest barrier reef in the world, behind ___'s Great Barrier Reef Australia
80%
By contrast, ___ has only 27% of its land territory protected Costa Rica
80%
The Caribbean Court of Justice, which currently serves as a final court of appeal for only ___ Barbados
75%
Around 4.8% of the population, being expats from ___ Canada
75%
The area of the country totals 22,960 square kilometres, an area slightly larger than ___ El Salvador
70%
The Caribbean Court of Justice, which currently serves as a final court of appeal for only ___ Saint Lucia
70%
The 20th century saw the arrival of more Asian settlers from ___ China
65%
Other places in the Hindustani Belt in ___ India
65%
The area of the country totals 22,960 square kilometres, an area slightly larger than ___ Israel
60%
After the Treaty of Paris in 1763, when the British took over ___ Saint Vincent and the Grenadines
55%
Won its opening match in the Centrobasquet Tournament, 2010, defeating ___ Trinidad and Tobago
55%
Around 4.8% of the population, being people and descendants from ___ Ireland
50%
The Caribbean Court of Justice, which currently serves as a final court of appeal for only ___ Guyana
35%
The 20th century saw the arrival of more Asian settlers from ___ Lebanon
35%
The 20th century saw the arrival of more Asian settlers from ___ Syria
35%
Said Musa, the son of an immigrant from ___ Palestine
10%
No matching quizzes found
Score Distribution
Percent of People with Each Score
Percentile by Number Answered
Your Score History
You have not taken this quiz